LEADER 03068nam 2200541 450 001 9910271044503321 005 20200520144314.0 010 $a1-118-94554-9 010 $a1-118-94555-7 010 $a1-118-94556-5 035 $a(CKB)4330000000007621 035 $a(MiAaPQ)EBC4923293 035 $a(Au-PeEL)EBL4923293 035 $a(CaPaEBR)ebr11416143 035 $a(OCoLC)972640368 035 $a(EXLCZ)994330000000007621 100 $a20170818h20172017 uy 0 101 0 $aeng 135 $aurcnu|||||||| 181 $2rdacontent 182 $2rdamedia 183 $2rdacarrier 200 00$aInsect biodiversity$hVolume 1 $escience and society /$fedited by Dr. Robert G. Foottit, Professor Peter H. Adler 205 $aSecond edition. 210 1$aHoboken, New Jersey :$cWiley Blackwell,$d2017. 210 4$dİ2017 215 $a1 online resource (876 pages) $cillustrations (some color), photographs 311 $a1-118-94553-0 320 $aIncludes bibliographical references at the end of each chapters and indexes. 327 $aIntroduction -- The importance of insects -- Insect biodiversity : regional examples -- Insect biodiversity in the nearctic region -- Amazonian rainforests and their richness and abundance of terrestrial arthropods on the edge of extinction : abiotic-biotic players in the critical zone -- Insect biodiversity in the afrotropical region -- Biodiversity of australasian insects -- Insect biodiversity in the palearctic region -- Insect biodiversity : taxon examples -- Biodiversity of aquatic insects -- Biodiversity of diptera -- Biodiversity of heteroptera -- Biodiversity of coleoptera -- Biodiversity of hymenoptera -- Diversity and significance of lepidoptera : a phylogenetic perspective -- Insect biodiversity : tools and approaches -- The science of insect taxonomy : prospects and needs -- Insect species, concepts and practice -- Molecular dimensions of insect taxonomy in the genomics era -- Dna barcodes and insect biodiversity -- Insect biodiversity informatics -- Parasitoid biodiversity and insect pest management -- Taxonomy of crop pests : the aphids -- Adventive (non-native) insects and the consequences for science and society of species that become invasive -- Biodiversity of blood-sucking flies : implications for humanity -- Reconciling ethical and scientific issues for insect conservation -- Taxonomy and management of insect biodiversity -- Insect biodiversity, millions and millions. 606 $aInsects$xVariation 606 $aInsects$xEvolution 606 $aInsects$xEcology 606 $aBiodiversity conservation 615 0$aInsects$xVariation. 615 0$aInsects$xEvolution. 615 0$aInsects$xEcology. 615 0$aBiodiversity conservation. 676 $a595.7 702 $aFoottit$b R$g(Robert G.), 702 $aAdler$b Peter H$g(Peter Holdridge),$f1954- 801 0$bMiAaPQ 801 1$bMiAaPQ 801 2$bMiAaPQ 906 $aBOOK 912 $a9910271044503321 996 $aInsect biodiversity$9778601 997 $aUNINA LEADER 00784cam2 22002651 450 001 SOBE00081036 005 20241002100522.0 100 $a20241002d1947 |||||ita|0103 ba 101 $aita 102 $aIT 200 0 $a1$fPlotino 210 $aMilano$cIEI$dstampa 1947 215 $aLI, 285 p.$d22 cm 300 $aTesto orig. a fronte 461 1$1001E600200055149$12001 $a<>Enneadi / Plotino 700 0$aPlotinus$3A600200026383$4070$0198801 801 0$aIT$bUNISOB$c20241002$gRICA 850 $aUNISOB 852 $aUNISOB$j100$m38158 912 $aSOBE00081036 940 $aM 102 Monografia moderna SBN 941 $aW 957 $a100$b002745$i-1$gSI$d38158$1rovito$2UNISOB$3UNISOB$420241002100436.0$520241002100522.0$6rovito 996 $a1$91713332 997 $aUNISOB